Darts - mistrzowie świata 1994-2026 - Statystyki

Ogólne statystyki
  • Ten quiz został rozwiązany 134 razy
  • Średni wynik to 15 z 20
Statystyki odpowiedzi
Rok mistrzostw Kraj pochodzenia zwycięzcy Nazwisko zwycięzcy % Poprawnych
2025 - 2026 Anglia Littler
99%
2014 Holandia van Gerwen
92%
2021 Walia Price
90%
2017 Holandia van Gerwen
89%
2019 Holandia van Gerwen
89%
1995 - 2002 Anglia Taylor
88%
2004 - 2006 Anglia Taylor
88%
2009 - 2010 Anglia Taylor
88%
2013 Anglia Taylor
88%
2015 - 2016 Szkocja Anderson
86%
2020 Szkocja Wright
83%
2022 Szkocja Wright
83%
2024 Anglia Humphries
81%
2023 Anglia Smith
80%
2018 Anglia Cross
61%
2007 Holandia van Barneveld
57%
2011 - 2012 Anglia Lewis
50%
2003 Kanada Part
38%
2008 Kanada Part
38%
1994 Anglia Priestley
17%
Nie znaleziono quizów pasujących do podanych kryteriów
Rozkład punktacji
Procent ludzi z każdym wynikiem
Percentyl według liczby udzielonych odpowiedzi
Twoja historia wyników
Nie rozwiązałeś tego quizu